<?xml version="1.0" encoding="UTF-8"?>
<record
    xmlns:xsi="http://www.w3.org/2001/XMLSchema-instance"
    xsi:schemaLocation="http://www.loc.gov/MARC21/slim http://www.loc.gov/standards/marcxml/schema/MARC21slim.xsd"
    xmlns="http://www.loc.gov/MARC21/slim">

  <leader>01344nam a22002897a 4500</leader>
  <controlfield tag="003">DO-SdBNP</controlfield>
  <controlfield tag="005">20211123102917.0</controlfield>
  <controlfield tag="007">ta</controlfield>
  <controlfield tag="008">211123b2021    dr ao||| |||| 00| 0 spa d</controlfield>
  <datafield tag="020" ind1=" " ind2=" ">
    <subfield code="a">9789945917048</subfield>
  </datafield>
  <datafield tag="040" ind1=" " ind2=" ">
    <subfield code="a">DO-SdBNP</subfield>
    <subfield code="b">spa</subfield>
    <subfield code="c">BNPHU </subfield>
  </datafield>
  <datafield tag="245" ind1="1" ind2="0">
    <subfield code="a"> Aventuras del Quijote de Jos&#xE9; Cestero : </subfield>
    <subfield code="b"> homenaje a Miguel de Cervantes Saavedra /</subfield>
    <subfield code="c">C&#xE9;sar Miguel, Amable L&#xF3;pez Mel&#xE9;ndez, Rolando Lecler ; fotograf&#xED;a Mariano Hern&#xE1;ndez,  Gianfranco Lanzetti (In memoriam), C&#xE9;sar Miguel, Max Noboa ; pr&#xF3;logo C&#xE9;sar Miguel.</subfield>
  </datafield>
  <datafield tag="260" ind1=" " ind2=" ">
    <subfield code="a">Santo Domingo : </subfield>
    <subfield code="b">Fundaci&#xF3;n para el Desarrollo del Arte, ArteDom,</subfield>
    <subfield code="c">2021.</subfield>
  </datafield>
  <datafield tag="300" ind1=" " ind2=" ">
    <subfield code="a">95 p. :</subfield>
    <subfield code="b">il., fot. ; </subfield>
    <subfield code="c">31 cm. </subfield>
  </datafield>
  <datafield tag="505" ind1="0" ind2=" ">
    <subfield code="a">Presentaci&#xF3;n --</subfield>
    <subfield code="t">Pr&#xF3;logo /</subfield>
    <subfield code="r">C&#xE9;sar Miguel --</subfield>
    <subfield code="t">Las aventuras del Quijote de Jos&#xE9; Cestero /</subfield>
    <subfield code="r">Amable L&#xF3;pez Mel&#xE9;ndez --</subfield>
    <subfield code="t">Jos&#xE9; Cestero, escultor. Artista plastico de la eternidad /</subfield>
    <subfield code="r">Rolando Lecler --</subfield>
    <subfield code="t">Biograf&#xED;a.</subfield>
  </datafield>
  <datafield tag="590" ind1=" " ind2=" ">
    <subfield code="a">Inventariado, 2021 /LP

</subfield>
  </datafield>
  <datafield tag="700" ind1="1" ind2=" ">
    <subfield code="a">Miguel, C&#xE9;sar</subfield>
    <subfield code="9">79726</subfield>
  </datafield>
  <datafield tag="700" ind1="1" ind2=" ">
    <subfield code="a">L&#xF3;pez Mel&#xE9;ndez, Amable </subfield>
    <subfield code="9">25471</subfield>
  </datafield>
  <datafield tag="700" ind1="1" ind2=" ">
    <subfield code="a">Lecler, Rolando</subfield>
    <subfield code="9">80709</subfield>
  </datafield>
  <datafield tag="700" ind1="1" ind2=" ">
    <subfield code="a">Miguel, C&#xE9;sar,</subfield>
    <subfield code="e">pr&#xF3;l.</subfield>
    <subfield code="9">79726</subfield>
  </datafield>
  <datafield tag="700" ind1="1" ind2=" ">
    <subfield code="a">Hern&#xE1;ndez, Mariano, </subfield>
    <subfield code="e">fot.</subfield>
    <subfield code="9">80711</subfield>
  </datafield>
  <datafield tag="700" ind1="1" ind2=" ">
    <subfield code="a">Lanzetti, Gianfranco, </subfield>
    <subfield code="e">fot. </subfield>
    <subfield code="9">62924</subfield>
  </datafield>
  <datafield tag="700" ind1="1" ind2=" ">
    <subfield code="a">Miguel, C&#xE9;sar</subfield>
    <subfield code="e">fot.</subfield>
    <subfield code="9">79726</subfield>
  </datafield>
  <datafield tag="700" ind1="1" ind2=" ">
    <subfield code="a">Noboa, Max</subfield>
    <subfield code="e">fot.</subfield>
    <subfield code="9">80712</subfield>
  </datafield>
  <datafield tag="910" ind1=" " ind2=" ">
    <subfield code="a">Lop&#xE9;rez.</subfield>
  </datafield>
  <datafield tag="942" ind1=" " ind2=" ">
    <subfield code="2">ddc</subfield>
    <subfield code="c">LBS1</subfield>
  </datafield>
  <datafield tag="952" ind1=" " ind2=" ">
    <subfield code="0">0</subfield>
    <subfield code="1">0</subfield>
    <subfield code="2">ddc</subfield>
    <subfield code="5">1</subfield>
    <subfield code="7">0</subfield>
    <subfield code="8">PD</subfield>
    <subfield code="a">BNPHU</subfield>
    <subfield code="b">PD</subfield>
    <subfield code="c">HD</subfield>
    <subfield code="d">2021-11-23</subfield>
    <subfield code="e">Dep&#xF3;sito Legal </subfield>
    <subfield code="l">0</subfield>
    <subfield code="p">2021-28283</subfield>
    <subfield code="r">2021-11-23</subfield>
    <subfield code="w">2021-11-23</subfield>
    <subfield code="y">LFPD</subfield>
  </datafield>
  <datafield tag="952" ind1=" " ind2=" ">
    <subfield code="0">0</subfield>
    <subfield code="1">0</subfield>
    <subfield code="2">ddc</subfield>
    <subfield code="5">1</subfield>
    <subfield code="7">0</subfield>
    <subfield code="8">PD</subfield>
    <subfield code="a">BNPHU</subfield>
    <subfield code="b">PD</subfield>
    <subfield code="c">HD</subfield>
    <subfield code="d">2021-11-23</subfield>
    <subfield code="e">Dep&#xF3;sito Legal </subfield>
    <subfield code="l">0</subfield>
    <subfield code="p">2021-28284</subfield>
    <subfield code="r">2021-11-23</subfield>
    <subfield code="t">e.2</subfield>
    <subfield code="w">2021-11-23</subfield>
    <subfield code="y">LFPD</subfield>
  </datafield>
  <datafield tag="999" ind1=" " ind2=" ">
    <subfield code="c">51020</subfield>
    <subfield code="d">51020</subfield>
  </datafield>
</record>
